00422nam a2200157Ia 4500008004100000020001800041082001400059100002500073245003500098250000800133260004100141300002300182500001900205600002000224650002000244240925s9999 xx 000 0 und d a9789694074726 a332.1 KAZ aKazi, Fazul Suleiman 0aBanks and Executive Leadership a1st aKarachi:bRoyal Book Companyc,2018. a180p.b0fOriginal aIncludes Index aSocial Sciences aSocial Sciences